Основы советского бухгалтерского учета. Вып. 3 (Запись № 13608340)

Подробности
000 -МАРКЕР
контрольное поле 01234nam2a2200265 4500
001 - ИДЕНТИФИКАТОР ЗАПИСИ
контрольное поле rc\2973925
005 - ИДЕНТИФИКАТОР ВЕРСИИ
контрольное поле 20260315061819.0
035 ## - ДРУГИЕ СИСТЕМНЫЕ НОМЕРА
Идентификатор записи (NLR Aleph) 007119779
100 ## - ДАННЫЕ ОБЩЕЙ ОБРАБОТКИ
Данные общей обработки 20080127d1934 u y0rusy50 ca
101 0# - ЯЗЫК РЕСУРСА
Язык текста, звукозаписи и т.д. русский
102 ## - СТРАНА ПУБЛИКАЦИИ ИЛИ ПРОИЗВОДСТВА
Страна публикации Российская Федерация
105 ## - ПОЛЕ КОДИРОВАННЫХ ДАННЫХ: ТЕКСТОВЫЕ МАТЕРИАЛЫ, МОНОГРАФИЧЕСКИЕ
Кодированные данные о монографическом текстовом документе y z |||||
200 0# - ЗАГЛАВИЕ И СВЕДЕНИЯ ОБ ОТВЕТСТВЕННОСТИ
Основное заглавие Вып. 3
Первые сведения об ответственности Давыдов Н.Н., Саушкин М.М. , Шуваев К.В.
210 ## - ПУБЛИКАЦИЯ, РАСПРОСТРАНЕНИЕ И ДР.
Дата издания, распространения и т.д. 1934
215 ## - ФИЗИЧЕСКАЯ ХАРАКТЕРИСТИКА
Специфическое обозначение материала и объем Обл., 189, [2] с.
461 #0 - УРОВЕНЬ НАБОРА
Встроенное поле 001rc\2973924
-- 2000#$aОсновы советского бухгалтерского учета$fПод ред. Осетрова К.В.$gЦУНХУ Госплана СССР. В/о Союзоргучет - Моск. обл. учеб. комбинат$vВып. 3
Системный номер (АБИС) связанной записи 6851053
Автор Московский учебный учетно-экономический комбинат
Место публикации Москва
Дата публикации 1934
Первые сведения об ответственности Под ред. Осетрова К.В.
Имя издателя, распространителя и т.д. Союзоргучет
Заглавие Основы советского бухгалтерского учета
Номер тома Вып. 3
701 #1 - ИМЯ ЛИЦА - АЛЬТЕРНАТИВНАЯ ОТВЕТСТВЕННОСТЬ
Начальный элемент ввода Давыдов
Часть имени, кроме начального элемента ввода Н.Н.
701 #1 - ИМЯ ЛИЦА - АЛЬТЕРНАТИВНАЯ ОТВЕТСТВЕННОСТЬ
Начальный элемент ввода Саушкин
Часть имени, кроме начального элемента ввода М.М.
701 #1 - ИМЯ ЛИЦА - АЛЬТЕРНАТИВНАЯ ОТВЕТСТВЕННОСТЬ
Начальный элемент ввода Шуваев
Часть имени, кроме начального элемента ввода К.В.
801 #0 - ИСТОЧНИК ЗАПИСИ
Страна Российская Федерация
Организация NLR
Правила каталогизации psbo
801 #1 - ИСТОЧНИК ЗАПИСИ
Страна Российская Федерация
Организация ELAR
Источник данных rusmarc
852 ## - МЕСТОНАХОЖДЕНИЕ И ШИФР ХРАНЕНИЯ
Идентификатор организации NLR
Шифр хранения (Call Number) 34-18/38(3)
942 ## - ДОПОЛНИТЕЛЬНЫЕ ЭЛЕМЕНТЫ ЗАПИСИ (АБИС)
Тип экземпляра АБИС Неопределено
980 ## - КОЛЛЕКЦИЯ
Название коллекции Национальная библиография

Нет доступных экземпляров.